000 00262nam a2200133Ia 4500
100 _aKompaneyets/A.S
942 _cBK
654 _aPhysics
245 _aTheoretical Phyics
260 _bMir Publishers
082 _a530
300 _a616
546 _aENGLISH
999 _c23341
_d23341